Public Finance (Record no. 2977)
[ view plain ]
| 000 -LEADER | |
|---|---|
| fixed length control field | 00569nam a22001937a 4500 |
| 005 - DATE AND TIME OF LATEST TRANSACTION | |
| control field | 20250124105033.0 |
| 008 - FIXED-LENGTH DATA ELEMENTS--GENERAL INFORMATION | |
| fixed length control field | 250124b |||||||| |||| 00| 0 eng d |
| 020 ## - INTERNATIONAL STANDARD BOOK NUMBER | |
| International Standard Book Number | 9780077154691 |
| 050 ## - LIBRARY OF CONGRESS CALL NUMBER | |
| Classification number | HJ257.2 |
| Item number | .R67 ROS |
| 100 ## - MAIN ENTRY--PERSONAL NAME | |
| Personal name | Rosen Harvey S. |
| 245 ## - TITLE STATEMENT | |
| Title | Public Finance |
| Statement of responsibility, etc. | Harvey S. Rosen, Ted Gayer & Abdulkadir Civan |
| 250 ## - EDITION STATEMENT | |
| Edition statement | 10th Ed. |
| 260 ## - PUBLICATION, DISTRIBUTION, ETC. | |
| Place of publication, distribution, etc. | Boston |
| Name of publisher, distributor, etc. | McGraw-Hill Education Ltd |
| Date of publication, distribution, etc. | 2014 |
| 300 ## - PHYSICAL DESCRIPTION | |
| Extent | xxii. 588p. |
| Other physical details | ill. col. |
| Dimensions | 25.5 cm x 20.5 cm |
| 650 ## - SUBJECT ADDED ENTRY--TOPICAL TERM | |
| Source of heading or term | Finance |
| 700 ## - ADDED ENTRY--PERSONAL NAME | |
| Personal name | Gayer Ted |
| 700 ## - ADDED ENTRY--PERSONAL NAME | |
| Personal name | Civan Abdulkadir |
| 942 ## - ADDED ENTRY ELEMENTS (KOHA) | |
| Source of classification or shelving scheme | Library of Congress Classification |
| Koha item type | Books |
| Edition | 10th Ed. |
| Suppress in OPAC | No |
| 999 ## - | |
| -- | 2977 |
| -- | 2977 |
| Withdrawn status | Lost status | Source of classification or shelving scheme | Damaged status | Use restrictions | Not for loan | Collection | Home library | Current library | Shelving location | Date acquired | Total checkouts | Full call number | Barcode | Date last seen | Copy number | Price effective from | Koha item type |
|---|---|---|---|---|---|---|---|---|---|---|---|---|---|---|---|---|---|
| Library of Congress Classification | Restricted access | Non-fiction | Business Library (Miotso) | Business Library (Miotso) | General stacks | 01/22/2025 | HJ257.2 .R67 ROS | BSSM00000599 | 01/24/2025 | 1 | 01/22/2025 | Books |